000 00560nam a2200217Ia 4500
003 OSt
005 20220924134020.0
006 a|||||r|||| 00| 0
007 ta
008 220923b |||||||| |||| 00| 0 snd d
024 _a271783
037 _cTextual
040 _aARTS
_cARTS
_bsnd
041 _2snd
_asnd
082 _aO157,3M38,US, 1593H4
100 _aChatterjee Bankim Chand
_9207910
245 0 _aUsha
260 _c1944
942 _hO157,3M38,US, 1593H4
_cTEXL
_2CC
999 _c436131
_d436131